25 Highest Rated Wii Games - Statistics

General Stats
  • This quiz has been taken 72 times
  • The average score is 8 of 25
Answer Stats
Rank Game % Correct
14 Mario Kart Wii
90%
4 Super Mario Galaxy
80%
25 Wii Sports Resort
78%
1 Super Mario Galaxy 2
76%
6 The Legend of Zelda: Twilight Princess
73%
2 Super Smash Bros. Brawl
65%
7 New Super Mario Bros. Wii
57%
21 Kirby’s Epic Yarn
55%
3 Metroid Prime Trilogy
47%
5 Donkey Kong Country Returns
37%
24 Wario Ware: Smooth Moves
33%
12 Super Paper Mario
27%
17 Punch-Out!!
24%
16 Sonic Colors
16%
11 No More Heroes 2: Desperate Struggle
14%
10 Resident Evil 4: Wii Edition
14%
20 Okami
12%
13 Monster Hunter Tri
6%
15 Red Steel 2
6%
23 Boom Blox
4%
22 Sin and Punishment: Star Successor
4%
8 Tatsunoko VS. Capcom: Ultimate All-Stars
4%
18 Muramasa: The Demon Blade
2%
9 Dead Space Extraction
0%
19 Zack and Wiki: Quest for Barbaros’ Treasure
0%
No matching quizzes found
Score Distribution
Percent of People with Each Score
Percentile by Number Answered
Your Score History
You have not taken this quiz